[Event "GEBA"]
[Site "Buenos Aires"]
[Date "1991.??.??"]
[Round "4"]
[White "Valiente, Cristobal"]
[Black "Tempone, Marcelo"]
[Result "1/2-1/2"]
[WhiteElo "2370"]
[BlackElo "2460"]

1.d4 d5 2.Nf3 Nf6 3.c4 c6 4.Nc3 dxc4 5.a4 Bf5 6.e3 e6 7.Bxc4 Bb4 8.O-O O-O
9.Qe2 Nbd7 10.Rd1 Ne4 11.Nxe4 Bxe4 12.Bd3 Bxd3 13.Qxd3 a5  1/2-1/2

[Event "Cappelle op"]
[Site "Cappelle la Grande"]
[Date "1991.??.??"]
[Round "?"]
[White "Anastasian, Ashot"]
[Black "Stoinev, Metodi"]
[Result "1-0"]
[WhiteElo "2475"]
[BlackElo "2230"]

1.d4 d5 2.c4 c6 3.Nc3 Nf6 4.Nf3 dxc4 5.a4 Bf5 6.e3 e6 7.Bxc4 Bb4 8.O-O Nbd7
9.Qb3 a5 10.h3 h6 11.Nd2 O-O 12.Na2 Bxd2 13.Bxd2 Ne4 14.Rad1 Qg5 15.Kh2 Ndf6
16.Bc1 Qh5 17.f3 Ng5 18.Rd2 Bxh3 19.gxh3 Qxh3+ 20.Kg1 Nxf3+ 21.Rxf3 Qxf3
22.Rg2 Rfd8 23.Nc3 c5 24.Be2 Qh3 25.Qxb7 Qh4 26.Qf3 Rac8 27.Bd2 cxd4 28.exd4 Rxd4
29.Be3 Qe1+ 30.Qf1 Qxf1+ 31.Kxf1 Rh4 32.Bb5 Ne4 33.Nxe4 Rxe4 34.Bxh6 g6 35.Bd2 Rc5
36.Bxa5 g5 37.Bd2 g4 38.b4 Rh5 39.Kg1 Rh3 40.a5 Ra3 41.a6 f5 42.Bf1 Kf7 43.Re2 Rd4
44.Rf2 e5 45.Bc1 Rg3+ 46.Rg2 Rf3 47.a7 Rd1 48.Rf2 Rg3+ 49.Kh2 Rxc1 50.a8=Q Re3
51.Qd5+ Kf6 52.Qd6+ Kf7 53.Qd7+  1-0

[Event "Cappelle op"]
[Site "Cappelle la Grande"]
[Date "1991.??.??"]
[Round "6"]
[White "Stone, Raymond"]
[Black "Stoinev, Metodi"]
[Result "0-1"]
[WhiteElo "2325"]
[BlackElo "2230"]

1.d4 d5 2.c4 c6 3.Nc3 Nf6 4.Nf3 dxc4 5.a4 Bf5 6.e3 e6 7.Bxc4 Bb4 8.O-O Nbd7
9.Qe2 Bg6 10.e4 Bxc3 11.bxc3 Nxe4 12.Ba3 Qc7 13.Rfc1 O-O-O 14.Bb3 Kb8 15.a5 Ka8
16.Nh4 Ndf6 17.g3 Bh5 18.Qe3 g5 19.Ng2 Rhg8 20.f3 Nd6 21.g4 Bg6 22.Qe5 Nfe8
23.c4 Nc8 24.Qe3 h5 25.Re1 hxg4 26.fxg4 Nf6 27.Qf3 Ne8 28.d5 exd5 29.cxd5 Rh8
30.h3 Ned6 31.dxc6 Qxc6 32.Bd5 Qa6 33.Rec1 Qd3 34.Rxc8+ Nxc8 35.Bxb7+ Kb8
36.Ra2 Rxh3  0-1

[Event "Cheliabinsk-A"]
[Site "Cheliabinsk"]
[Date "1991.??.??"]
[Round "?"]
[White "Magerramov, Elmar"]
[Black "Ionov, Sergey"]
[Result "1/2-1/2"]
[WhiteElo "2560"]
[BlackElo "2510"]

1.d4 d5 2.c4 c6 3.Nf3 Nf6 4.Nc3 dxc4 5.a4 Bf5 6.e3 e6 7.Bxc4 Bb4 8.O-O Nbd7
9.Qe2 Bg6 10.e4 Bxc3 11.bxc3 Nxe4 12.Ba3 Qc7 13.Nd2 Nxd2 14.Qxd2 c5 15.dxc5 O-O-O
16.Qe3 Ne5 17.Be2 Bd3 18.Bxd3 Rxd3 19.Qe4 Rhd8 20.Qxh7 g6 21.Bc1 Qxc5 22.Be3 Qc7
23.Bd4 Nc6 24.Bf6 R8d5 25.Qg8+ Nd8 26.c4 Rh5 27.h3 Qf4 28.Be7 Rhxh3 29.gxh3 Rg3+  1/2-1/2

[Event "ITA-ch"]
[Site "Chianciano Terme"]
[Date "1991.??.??"]
[Round "?"]
[White "Sarno, Spartaco"]
[Black "Vallifuoco, Giacomo"]
[Result "1/2-1/2"]
[WhiteElo "2390"]
[BlackElo "2370"]

1.d4 d5 2.c4 c6 3.Nf3 Nf6 4.Nc3 dxc4 5.a4 Bf5 6.e3 e6 7.Bxc4 Bb4 8.O-O Nbd7
9.Nh4 O-O 10.Qb3 Qe7 11.a5 Rab8 12.h3 h5 13.Nxf5 exf5 14.Qc2 g6 15.b3 Rfe8
16.Ne2 a6 17.Nf4 Kg7 18.Bb2 Bd6 19.Nd3 h4 20.Rfe1 Nd5 21.Re2 N7f6 22.Ne5 Ne4
23.Qc1  1/2-1/2

[Event "ITA-ch"]
[Site "Chianciano Terme"]
[Date "1991.??.??"]
[Round "?"]
[White "Marinelli, Tullio"]
[Black "Vallifuoco, Giacomo"]
[Result "0-1"]
[WhiteElo "2365"]
[BlackElo "2370"]

1.d4 d5 2.Nf3 Nf6 3.c4 c6 4.Nc3 dxc4 5.a4 Bf5 6.e3 e6 7.Bxc4 Bb4 8.O-O Nbd7
9.Qe2 Bg6 10.Bd2 O-O 11.h3 h6 12.Rfd1 Qe7 13.Ne5 Nxe5 14.dxe5 Nd7 15.f4 Nc5
16.Be1 Rfd8 17.Rd4 a5 18.g4 Rd7 19.b3 Rad8 20.Rad1 Ne4 21.Nxe4 Bxe4 22.Bxb4 axb4
23.Kh2 c5 24.Rxd7 Rxd7 25.Kg3 Qd8 26.Rxd7 Qxd7 27.h4 b6 28.h5 Bb7 29.g5 hxg5
30.fxg5 Qc6 31.g6 Qe4 32.gxf7+ Kf8 33.Qf2 Qxe5+ 34.Kh4 Be4 35.h6 gxh6 36.Qd2 Qg5+
37.Kh3 Bf5+ 38.Kh2 Qh4+ 39.Kg1 Qg3+ 40.Kf1 Bh3+ 41.Ke2 Qg2+  0-1

[Event "Copenhagen op"]
[Site "Copenhagen"]
[Date "1991.??.??"]
[Round "3"]
[White "Volodin, Viktor"]
[Black "Bang, Andreas"]
[Result "1/2-1/2"]
[WhiteElo "2225"]
[BlackElo "2340"]

1.Nf3 d5 2.d4 Nf6 3.c4 c6 4.Nc3 dxc4 5.a4 Bf5 6.Ne5 Nbd7 7.Nxc4 Qc7 8.g3 e5
9.dxe5 Nxe5 10.Bf4 Nfd7 11.Bg2 f6 12.O-O O-O-O 13.Qc1 g5 14.Nxe5 Nxe5 15.Be3 Nc4
16.b3 Nxe3 17.Qxe3 Kb8 18.Ne4 Re8 19.Qd4 Bxe4 20.Bxe4 Bg7 21.Bf5 Rxe2 22.Qd3 Re5
23.Rad1 h5 24.b4 Rd5 25.Qf3 g4 26.Qe4 Re5 27.Qd3 a6 28.Rfe1 Rhe8 29.Rxe5 Rxe5
30.Qd8+ Qxd8 31.Rxd8+ Kc7 32.Rd7+ Kb6 33.a5+ Ka7 34.Bxg4 hxg4  1/2-1/2

[Event "Copenhagen op"]
[Site "Copenhagen"]
[Date "1991.??.??"]
[Round "5"]
[White "Nilsson, Nils Specht"]
[Black "Hector, Jonny"]
[Result "0-1"]
[WhiteElo "2230"]
[BlackElo "2465"]

1.d4 d5 2.Nf3 Nf6 3.c4 c6 4.Nc3 dxc4 5.a4 Bf5 6.Ne5 Nbd7 7.Nxc4 Qc7 8.g3 e5
9.dxe5 Nxe5 10.Bf4 Rd8 11.Qc1 Bd6 12.Nxd6+ Qxd6 13.Bg2 a5 14.O-O O-O 15.Qe3 Nfg4
16.Qb6 Qb4 17.Qxb4 axb4 18.Na2 Ng6 19.e4 Nxf4 20.gxf4 Be6 21.Nxb4 f5 22.f3 Nf6
23.Bh3 Nh5 24.exf5 Bxf5 25.Bxf5 Rxf5 26.Rad1 Re8 27.Rd7 Nxf4 28.Nd3 Rg5+
29.Kh1 Nxd3 30.Rxd3 Re2 31.Rd8+ Kf7 32.Rd7+ Kf6 33.Rxb7 Rh5 34.Kg1 Rhxh2
35.Rc1 Reg2+ 36.Kf1 Rd2 37.Rxc6+ Ke5 38.Kg1 Rhg2+ 39.Kh1 Kf4 40.Rc4+ Ke3
41.Rg4 Rgf2 42.Rb3+ Ke2 43.Rg2 Rd1+ 44.Kh2 Kf1 45.Rxf2+ Kxf2 46.Rb4 g5 47.a5 Rd5
48.Ra4 Rd6 49.Kh3 Rh6+ 50.Kg4 Rh4+ 51.Kxg5 Rxa4 52.f4 Rxa5+  0-1

[Event "Corfu op"]
[Site "Corfu"]
[Date "1991.??.??"]
[Round "5"]
[White "Akesson, Ralf"]
[Black "Khenkin, Igor"]
[Result "1-0"]
[WhiteElo "2440"]
[BlackElo "2460"]

1.Nf3 d5 2.d4 Nf6 3.c4 c6 4.Nc3 dxc4 5.a4 Bf5 6.e3 e6 7.Bxc4 Bb4 8.O-O Nbd7
9.Nh4 O-O 10.Nxf5 exf5 11.f3 c5 12.Na2 Ba5 13.dxc5 Ne5 14.Qc2 Nxc4 15.Qxc4 Qd5
16.Qxd5 Nxd5 17.Rb1 Rfe8 18.b4 Bc7 19.Rb3 Rad8 20.Rd1 f4 21.e4 Ne3 22.Rxd8 Rxd8
23.Kf2 Rd1 24.Bxe3 fxe3+ 25.Kxe3 Re1+ 26.Kd3 Rd1+ 27.Kc4 f5 28.Rd3 Rg1 29.g3 fxe4
30.fxe4 Rg2 31.Rd7 Be5 32.Kd5 Ba1 33.Nc1 Rxh2 34.Rxb7 h5 35.c6 Rd2+ 36.Ke6 Rc2
37.c7 Rc6+ 38.Kd7 Rxc1 39.c8=Q+ Rxc8 40.Kxc8 Be5 41.Rb5 Bxg3 42.Rxh5 Kf7
43.Kb7  1-0

[Event "DEN-chT"]
[Site "DEN"]
[Date "1991.??.??"]
[Round "3"]
[White "Hove, Esben Kjems"]
[Black "Pedersen, Finn"]
[Result "1/2-1/2"]
[WhiteElo "2260"]
[BlackElo "2300"]

1.d4 d5 2.Nf3 c6 3.c4 Nf6 4.Nc3 dxc4 5.a4 Bf5 6.e3 e6 7.Bxc4 Bb4 8.O-O Nbd7
9.Qb3 a5 10.Na2 Be7 11.Nd2 Qb8 12.Re1 b5 13.Be2 b4 14.Bf3 Ra6 15.e4 Bg6 16.Nf1 O-O
17.Bg5 Rc8 18.Rac1 e5 19.Bg4 Re8 20.Bxd7 Nxd7 21.Bxe7 Rxe7 22.d5 cxd5 23.Qxd5 h6
24.f3 Kh7 25.Ne3 Qa7 26.b3 f5 27.exf5 Bxf5 28.Kh1 Bg6 29.Ng4 Rae6 30.h3 h5
31.Ne3 Nf6 32.Qc5 Qa6 33.Nc4 e4 34.f4 Bf7 35.Qxa5 Qxa5 36.Nxa5 Nd5 37.Nc6 Rc7
38.Ne5 Rxc1 39.Nxc1 Bg8 40.Rxe4 Nxf4 41.Rxf4 Rxe5 42.Nd3 Re3 43.Nxb4 Rxb3
44.a5 Ra3 45.Rf5 Kh6 46.Rc5 Bh7 47.Re5 Ra4 48.Na6 Be4 49.Nc7 Bd3 50.g3 Ra1+
51.Kh2 g6 52.h4 Rc1 53.Ne6 Ba6 54.Nc5 Bb5 55.Kg2 Ra1 56.Nb3 Ra2+ 57.Kg1 Bc6
58.Nd4 Bb7 59.Ne2 Ba6 60.Nf4 Ra1+ 61.Kf2 Ra2+ 62.Ke1 Bc8 63.Rc5 Bf5 64.Nd5 Rg2
65.a6 Ra2 66.Nb4 Ra4 67.Rb5 Be4 68.Kf2 Ra3 69.Re5 Bh1 70.Re1 Ba8 71.Re8 Bh1
72.Re3 Ra4 73.Rb3 g5 74.Ke3 gxh4 75.gxh4 Bg2 76.Kf2 Ba8 77.Rb2 Kg6 78.Kg3  1/2-1/2

[Event "Dortmund op"]
[Site "Dortmund"]
[Date "1991.??.??"]
[Round "5"]
[White "Karolyi, Tibor Jr"]
[Black "Trichkov, Vasil"]
[Result "1/2-1/2"]
[WhiteElo "2390"]
[BlackElo "2290"]

1.d4 d5 2.c4 c6 3.Nf3 Nf6 4.Nc3 dxc4 5.a4 Bf5 6.e3 e6 7.Bxc4 Bb4 8.O-O O-O
9.Nh4 Bg4 10.f3 Bh5 11.g4 Nd5 12.Ng2 Bg6 13.Qb3 a5 14.Na2 Na6 15.e4 Nb6 16.Bxa6 Rxa6
17.Be3 Bd6 18.Nc3 Qe7 19.Rad1 f6 20.Bf2  1/2-1/2

[Event "Festuge op"]
[Site "Festuge"]
[Date "1991.??.??"]
[Round "?"]
[White "Jakobsen, Peter"]
[Black "Hector, Jonny"]
[Result "0-1"]
[WhiteElo "2330"]
[BlackElo "2465"]

1.d4 d5 2.c4 c6 3.Nf3 Nf6 4.Nc3 dxc4 5.a4 Bf5 6.e3 e6 7.Bxc4 Bb4 8.O-O Nbd7
9.Qe2 Bg6 10.e4 O-O 11.Bd3 Re8 12.e5 Nd5 13.Nxd5 cxd5 14.Bxg6 hxg6 15.Qb5 Be7
16.Qxb7 Rb8 17.Qxa7 Qc8 18.Bg5 Bxg5 19.Qa5 Bh6  0-1

[Event "FRA-chT"]
[Site "FRA"]
[Date "1991.??.??"]
[Round "?"]
[White "Herb, Pascal"]
[Black "Chabanon, Jean Luc"]
[Result "1-0"]
[WhiteElo "2395"]
[BlackElo "2480"]

1.d4 d5 2.c4 c6 3.Nf3 Nf6 4.Nc3 dxc4 5.a4 Bf5 6.e3 e6 7.Bxc4 Bb4 8.O-O Nbd7
9.Qe2 O-O 10.Rd1 Qe7 11.e4 Bg6 12.e5 Nd5 13.Ne4 f5 14.exf6 N7xf6 15.Ng3 Nh5
16.Ne5 Nhf4 17.Bxf4 Nxf4 18.Qe3 Be8 19.Ne2 Nd5 20.Qe4 Rd8 21.Rd3 Qg5 22.Rh3 Qf5
23.Qxf5 Rxf5 24.Rb3 a5 25.Nd3 Bf7 26.Bxd5 Rfxd5 27.Nxb4 axb4 28.Rxb4 c5 29.Rxb7 cxd4
30.a5 Be8 31.f4 e5 32.Re7 Bb5 33.Kf2 Rc8 34.a6 exf4 35.a7 Rdd8 36.Nxd4 Bc4
37.Nc6 Rf8 38.Re4 Rxc6 39.a8=Q Rxa8 40.Rxa8+ Kf7 41.Rxf4+ Kg6 42.Ra3 Be6
43.Rg3+  1-0

[Event "Gausdal Int"]
[Site "Gausdal"]
[Date "1991.??.??"]
[Round "6"]
[White "Groenn, Atle"]
[Black "Khenkin, Igor"]
[Result "1/2-1/2"]
[WhiteElo "2320"]
[BlackElo "2495"]

1.Nf3 d5 2.d4 Nf6 3.c4 dxc4 4.Nc3 c6 5.a4 Bf5 6.Ne5 e6 7.f3 Bb4 8.e4 Bxe4
9.fxe4 Nxe4 10.Bd2 Qxd4 11.Nxe4 Qxe4+ 12.Qe2 Bxd2+ 13.Kxd2 Qd5+ 14.Kc2 Na6
15.Qe1 Qc5 16.Nxc4 O-O-O 17.Qe5 Rd5 18.Qc3 Rhd8 19.Rc1 Qf2+ 20.Kb1 Nc5 21.Rc2 Rd1+
22.Ka2 Qe1 23.Nd6+ R8xd6 24.Qxc5 Kb8 25.Kb3 Qe4 26.Bc4 R1d4  1/2-1/2

[Event "BL qual"]
[Site "Germany"]
[Date "1991.??.??"]
[Round "?"]
[White "Mandl, Robert"]
[Black "Meduna, Eduard"]
[Result "1/2-1/2"]
[WhiteElo "2350"]
[BlackElo "2495"]

1.c4 Nf6 2.Nf3 c6 3.d4 d5 4.Nc3 dxc4 5.a4 Bf5 6.Ne5 Nbd7 7.Nxc4 Nb6 8.Ne5 e6
9.f3 Nfd7 10.e4 Nxe5 11.dxe5 Qxd1+ 12.Kxd1 Bg6 13.a5 Nd7 14.a6 b6 15.Bf4 Bc5
16.Kc2 Bd4 17.Rd1 Bxe5 18.Rxd7 Bxf4 19.Rb7 O-O 20.g3 Be3 21.Bd3 Rfd8 22.Rd1 b5
23.e5 Bxd3+ 24.Rxd3 Rxd3 25.Kxd3 Bg1 26.h3 Rd8+ 27.Kc2 Bb6 28.Ne4 h6 29.b4 Rd4
30.Kc3 Rd1 31.Nc5 Bxc5 32.bxc5 Rc1+ 33.Kb3 Rxc5 34.Rxa7 Rc4 35.Rb7 Ra4 36.a7 Kh7
37.Rxf7 Kg6 38.Re7 Kf5 39.Rxg7 Kxe5 40.Rf7 c5 41.g4 c4+ 42.Kb2 b4 43.f4+ Ke4
44.g5 c3+ 45.Kb3 Ra3+ 46.Kc2 Ra2+ 47.Kb3 Ra3+ 48.Kc2  1/2-1/2

[Event "BL2-W9091"]
[Site "Germany"]
[Date "1991.??.??"]
[Round "?"]
[White "Hoffmann, Michael"]
[Black "Cuijpers, Frans Andre"]
[Result "1/2-1/2"]
[WhiteElo "2370"]
[BlackElo "2415"]

1.d4 d5 2.c4 c6 3.Nf3 Nf6 4.Nc3 dxc4 5.a4 Bf5 6.e3 e6 7.Bxc4 Bb4 8.O-O Nbd7
9.Qe2 O-O 10.e4 Bg6 11.Bd3 Re8 12.Bf4 Bh5 13.e5 Nd5 14.Nxd5 exd5 15.h3 Nf8
16.g4 Bg6 17.Bg3 c5 18.Rad1 c4 19.Bc2 Qb6 20.Kg2 Rac8 21.Bf5 Bxf5 22.gxf5 c3
23.bxc3 Rxc3 24.Nh2 Qc6 25.Qg4 Qxa4 26.Nf3 Qd7 27.Bf4 g6 28.Nh4 h5 29.Qe2 Be7
30.Qd2 Rec8 31.Bg5 Nh7 32.e6 fxe6 33.Bxe7 Qxe7 34.Nxg6 Qf6 35.Rde1 Ng5 36.Rc1 Rxc1
37.Rxc1 Rxc1 38.Qxc1 exf5 39.Qc8+ Kg7 40.Nf4 Qf7 41.Qb8 a6 42.Qe5+ Kh6 43.Nxd5  1/2-1/2

[Event "Regionalliga NordN"]
[Site "Germany"]
[Date "1991.??.??"]
[Round "?"]
[White "Cording, Harm"]
[Black "Kurth, Justus"]
[Result "1-0"]
[WhiteElo "2320"]
[BlackElo "2320"]

1.d4 d5 2.Nf3 Nf6 3.c4 c6 4.Nc3 dxc4 5.a4 Bf5 6.Ne5 c5 7.e3 cxd4 8.Bxc4 e6
9.exd4 Nc6 10.O-O Bd6 11.Nxc6 bxc6 12.Bg5 O-O 13.g4 Bg6 14.f4 h6 15.f5 exf5
16.gxf5 Bxf5 17.Rxf5 hxg5 18.Rxg5 Bf4 19.Rg2 Be3+ 20.Kh1 Qxd4 21.Qf3 Rfd8
22.Rf1 Kf8 23.Ba2 Rac8 24.Ne4 Qxe4 25.Qxe4 Nxe4 26.Rxf7+ Ke8 27.Rgxg7 Rd1+
28.Kg2 Rg1+ 29.Kf3 Rxg7 30.Rxg7 Nd6 31.Rg8+ Ke7 32.Rxc8 Nxc8 33.Kxe3 Kf6
34.Kd4 Nb6 35.a5 Nd7 36.Bc4 Kf5 37.Bd3+ Ke6 38.h4 Ne5 39.Be4 Kd6 40.b4 Nd7
41.h5 c5+ 42.bxc5+ Nxc5 43.Bf5 Nb3+ 44.Kc3  1-0

[Event "Groningen op"]
[Site "Groningen"]
[Date "1991.??.??"]
[Round "1"]
[White "Garcia Ilundain, David"]
[Black "Niehaus, Stephan"]
[Result "1-0"]
[WhiteElo "2370"]
[BlackElo "2205"]

1.d4 d5 2.Nf3 Nf6 3.c4 c6 4.Nc3 dxc4 5.a4 Bf5 6.Ne5 c5 7.e4 Bxe4 8.Bxc4 e6
9.Nxe4 Nxe4 10.Qf3 Qa5+ 11.Ke2 Nd6 12.Bb5+ Kd8 13.Nxf7+ Nxf7 14.Qxf7  1-0

[Event "Hastings Challengers9192"]
[Site "Hastings"]
[Date "1991.??.??"]
[Round "?"]
[White "Maric, Alisa"]
[Black "Summerscale, Aaron"]
[Result "0-1"]
[WhiteElo "2420"]
[BlackElo "2325"]

1.d4 d5 2.c4 c6 3.Nf3 Nf6 4.Nc3 dxc4 5.a4 Bf5 6.e3 e6 7.Bxc4 Bb4 8.O-O O-O
9.Qe2 Nbd7 10.Rd1 Qa5 11.e4 Bg4 12.h3 Bh5 13.Bd2 Rad8 14.e5 Nd5 15.Ne4 Bxd2
16.Rxd2 N7b6 17.b3 Nc3 18.Nxc3 Qxc3 19.Rad1 Bxf3 20.Qxf3 Qxf3 21.gxf3 Nd5
22.Bxd5 Rxd5 23.Kf1 Rfd8 24.Ke2 g5 25.Rd3 f6 26.exf6 Kf7 27.Ke3 e5 28.R1d2 Kxf6
29.b4 Kf5 30.a5 exd4+ 31.Rxd4 Rxd4 32.Rxd4 Rxd4 33.Kxd4 b6 34.axb6 axb6 35.Ke3 Ke5
36.Kd3 Kf4  0-1

[Event "Helsinki op"]
[Site "Helsinki"]
[Date "1991.??.??"]
[Round "?"]
[White "Manninen, Marko"]
[Black "Valkesalmi, Kimmo"]
[Result "1/2-1/2"]
[WhiteElo "2310"]
[BlackElo "2390"]

1.d4 Nf6 2.Nf3 d5 3.c4 c6 4.Nc3 dxc4 5.a4 Bf5 6.Ne5 Nbd7 7.Nxc4 Qc7 8.g3 e5
9.dxe5 Nxe5 10.Bf4 Rd8 11.Qc1 Bd6 12.Nxd6+ Qxd6 13.Bg2 O-O 14.O-O a5 15.Qe3 Nfg4
16.Qb6 Qb4 17.Qxb4 axb4 18.Na2 Ng6 19.Bc7 Rd7 20.Ba5 Ra8 21.Bxb4 Rxa4 22.b3 Ra8
23.Nc3 Re8 24.Bc5 Be6 25.Ra7 Nf6 26.b4 Nd5 27.Nxd5 cxd5 28.Rd1 Ne5 29.f4 Nc6
30.Ra4 Ne7 31.b5 Rc8 32.Ba3 h6 33.e4 dxe4 34.Rxd7 Bxd7 35.Rxe4 Nf5 36.Re5 Rc3
37.Bc5 Rc1+ 38.Kf2 Rc2+  1/2-1/2

[Event "Helsinki op"]
[Site "Helsinki"]
[Date "1991.??.??"]
[Round "?"]
[White "Norri, Joose"]
[Black "Issakainen, Ari"]
[Result "1-0"]
[WhiteElo "2325"]
[BlackElo "2280"]

1.d4 d5 2.c4 c6 3.Nf3 Nf6 4.Nc3 dxc4 5.a4 Bf5 6.e3 e6 7.Bxc4 Bb4 8.O-O Nbd7
9.Nh4 Bg6 10.f3 O-O 11.Nxg6 hxg6 12.Qc2 Qc7 13.Bb3 a6 14.e4 e5 15.dxe5 Bc5+
16.Kh1 Qxe5 17.Ne2 g5 18.Ng3 g4 19.f4 Qc7 20.e5 Nd5 21.Ne4 Nb4 22.Qe2 g6
23.e6  1-0

[Event "Helsinki op"]
[Site "Helsinki"]
[Date "1991.??.??"]
[Round "?"]
[White "Kekki, Petri"]
[Black "Sorri, Kari Juhani"]
[Result "0-1"]
[WhiteElo "2275"]
[BlackElo "2305"]

1.d4 d5 2.c4 c6 3.Nc3 Nf6 4.Nf3 dxc4 5.a4 Bf5 6.e3 e6 7.Bxc4 Bb4 8.O-O Nbd7
9.Nh4 Bg6 10.Be2 a5 11.g3 Qb6 12.Bf3 O-O 13.Nxg6 hxg6 14.e4 e5 15.Be3 exd4
16.Bxd4 Bc5 17.Bxf6 Nxf6 18.Qc2 Nd7 19.Rad1 Ne5 20.Be2 Rad8 21.Rxd8 Rxd8
22.Kg2 Qb4 23.Na2 Qd4 24.Nc1 Bb6 25.f4 Nd7 26.Bf3 Nf8 27.Rd1 Qe3 28.Rxd8 Bxd8
29.f5 g5 30.Qc3 Qxc3 31.bxc3 Nd7 32.Nd3 Bc7 33.Kf1 Be5 34.c4 Bd4 35.Bd1 Kf8
36.Ke2 Ke7 37.Kf3 Kd6 38.h4 gxh4 39.gxh4 Nc5 40.Nf4 Be5 41.Nh3 Bf6 42.Ng5 Bxg5
43.hxg5 Ke5 44.Bc2 Kd4 45.Kf4 Nd7 46.f6 gxf6 47.gxf6 Nxf6 48.Kf5 Nd7 49.Bd1 Ne5
50.Bb3 Nxc4 51.Kf6 b5 52.Kxf7 Kxe4 53.Ke6 Kd4 54.Kd7 Kc5 55.Kc7 Nd2 56.Bf7 b4
57.Be8 b3 58.Bxc6 b2  0-1

[Event "Herning"]
[Site "Herning"]
[Date "1991.??.??"]
[Round "?"]
[White "Cebalo, Miso"]
[Black "Pedersen, Finn"]
[Result "1-0"]
[WhiteElo "2525"]
[BlackElo "2285"]

1.d4 d5 2.c4 c6 3.Nf3 Nf6 4.Nc3 dxc4 5.a4 Bf5 6.e3 e6 7.Bxc4 Bb4 8.Qb3 a5
9.O-O Nbd7 10.Nh4 Bg6 11.f3 O-O 12.Nxg6 hxg6 13.e4 Qb6 14.Be3 e5 15.Rad1 Rad8
16.Kh1 exd4 17.Bxd4 Qc7 18.g3 Bc5 19.Bxf6 gxf6 20.f4 Kg7 21.Kg2 Bb4 22.Qc2 Nc5
23.e5 fxe5 24.f5 f6 25.fxg6 Bxc3 26.bxc3 b5 27.Bf7 Nxa4 28.h4 Rxd1 29.Qxd1 Qe7
30.h5 Rh8 31.g4 Nxc3 32.Qf3 Nd5 33.Bxd5 cxd5 34.g5 f5 35.h6+ Rxh6 36.gxh6+ Kxh6
37.Qxf5  1-0

[Event "Katowice op"]
[Site "Katowice"]
[Date "1991.??.??"]
[Round "1"]
[White "Gleizerov, Evgeny"]
[Black "Djaparidze, D."]
[Result "1-0"]
[WhiteElo "2485"]
[BlackElo "2270"]

1.d4 d5 2.c4 c6 3.Nf3 Nf6 4.Nc3 dxc4 5.a4 Bf5 6.e3 e6 7.Bxc4 Bb4 8.O-O Nbd7
9.Nh4 O-O 10.Nxf5 exf5 11.Qc2 g6 12.f3 Nb6 13.Bb3 a5 14.Kh1 Re8 15.e4 Qxd4
16.exf5 Nbd5 17.fxg6 hxg6 18.Bg5 Kg7 19.Rad1 Qe5 20.f4 Qe6 21.f5 Qe5 22.Bxd5 Nxd5
23.Nxd5 cxd5 24.Qd3 Rac8 25.Qxd5 Qxd5 26.Rxd5 Rc2 27.fxg6 Kxg6 28.h4 Ree2
29.h5+ Kxh5 30.Be3+ Kg6 31.Rg5+ Kh7 32.Rxf7+ Kh8 33.Bd4+  1-0

[Event "Katowice op"]
[Site "Katowice"]
[Date "1991.??.??"]
[Round "5"]
[White "Sjoberg, Mats"]
[Black "Kuporosov, Viktor"]
[Result "0-1"]
[WhiteElo "2360"]
[BlackElo "2485"]

1.d4 d5 2.c4 dxc4 3.Nf3 Nf6 4.Nc3 c6 5.a4 Bf5 6.g3 Na6 7.Bg2 Nb4 8.O-O e6
9.Bf4 Be7 10.a5 Rc8 11.Ne5 Bc2 12.Qd2 Bb3 13.Rfc1 O-O 14.Ne4 Nfd5 15.Nc5 Nxf4
16.Qxf4 Bg5 17.Qg4 Bxc1 18.Rxc1 Qe7 19.Nxc4 Bxc4 20.Rxc4 b6 21.Nb3 Rfd8 22.Qf4 c5
23.Qc1 Na6 24.axb6 axb6 25.Qa1 Nb4 26.Qc1 Qd7 27.dxc5 bxc5 28.Nxc5 Qd1+ 29.Qxd1 Rxd1+
30.Bf1 Na6 31.b4 Rb1 32.Kg2 Rxb4 33.Rxb4 Nxb4 34.Ne4 Kf8 35.f4 Ke7 36.Kf2 Rc2
37.Ke3 Ra2 38.Ng5 h6 39.Nf3 Ra5 40.Kf2 Nd5 41.Ne5 Ne3 42.Bh3 g5 43.Nd3 Nd5
44.Ke1 Nc3 45.Bg4 f5 46.Bf3 g4  0-1

[Event "Katowice op"]
[Site "Katowice"]
[Date "1991.??.??"]
[Round "9"]
[White "Tkebuchava, Gocha"]
[Black "Kuporosov, Viktor"]
[Result "0-1"]
[WhiteElo "2375"]
[BlackElo "2485"]

1.d4 d5 2.c4 dxc4 3.Nc3 Nf6 4.Nf3 c6 5.a4 Bf5 6.e3 e6 7.Bxc4 Bb4 8.O-O Nbd7
9.h3 O-O 10.Bd3 Bg6 11.Bxg6 hxg6 12.Qb3 Qb6 13.Bd2 c5 14.dxc5 Nxc5 15.Qa2 Rfd8
16.Rfd1 Rac8 17.a5 Qa6 18.Nd4 e5 19.Nf3 Nd3 20.Ng5 Qc4 21.Qxc4 Rxc4 22.b3 Bxc3
23.bxc4 Bxa1 24.Rxa1 Nb2 25.Bc3 Nxc4 26.e4 Ne8 27.Kf1 Rd7 28.Nf3 f6 29.Nh4 Kf7
30.f3 Ned6 31.Ke2 Nb5 32.Be1 Nd4+ 33.Kf2 Rc7 34.Ra2 Nd6 35.g4 Rc1 36.Ng2 Nc4
37.Bd2 Rh1 38.Be3 Nxf3 39.Ra4 Nfd2 40.Bxd2 Nxd2 41.Rb4 Rb1 42.Ra4 Rb2 43.Kg1 Rb3
44.Kf2 Rxh3 45.Ne3 Rh2+ 46.Ke1 Nf3+ 47.Kf1 Rb2 48.Nc4 Nd2+  0-1

[Event "Katowice op"]
[Site "Katowice"]
[Date "1991.??.??"]
[Round "11"]
[White "Sherbakov, Ruslan"]
[Black "Kuporosov, Viktor"]
[Result "1/2-1/2"]
[WhiteElo "2505"]
[BlackElo "2485"]

1.Nf3 d5 2.d4 Nf6 3.c4 dxc4 4.Nc3 c6 5.a4 Bf5 6.e3 e6 7.Bxc4 Bb4 8.O-O Nbd7
9.Qe2 Bg6 10.e4 O-O 11.e5 Nd5 12.Ne4 h6 13.Bd2 Be7 14.a5 Rc8 15.Rfd1 Re8
16.Rac1 a6 17.Bb3 c5 18.Ba4 cxd4 19.Rxc8 Qxc8 20.Rc1 Qd8 21.Nxd4 Bxe4 22.Qxe4 Nc5
23.Rxc5 Bxc5 24.Nb3 Bf8 25.Bxe8 Qxe8 26.Qc4 Qb8 27.Bc3 Nxc3 28.Qxc3 Qd8 29.g3 Qd5
30.h4 Qe4 31.Nc5 Qb1+ 32.Kg2 Bxc5 33.Qxc5 Qxb2 34.Qc8+ Kh7 35.Qc7 Qb5 36.Kg1 Qb1+
37.Kh2 Qf5 38.Kg1 Qf3 39.Qc2+ g6 40.Qc7 g5 41.hxg5 hxg5 42.Qd8 Kg6 43.Qg8+ Kh5
44.Qh8+ Kg4 45.Qe8 Qf5 46.Qa4+ Kh5 47.Qe8  1/2-1/2

[Event "Kemerovo"]
[Site "Kemerovo"]
[Date "1991.??.??"]
[Round "?"]
[White "Titlianov, Y."]
[Black "Romantchouk, Jacqes"]
[Result "1-0"]
[WhiteElo "2410"]
[BlackElo "2300"]

1.d4 d5 2.c4 c6 3.Nf3 Nf6 4.Nc3 dxc4 5.a4 Bf5 6.Ne5 Nbd7 7.Nxc4 Qc7 8.g3 e5
9.dxe5 Nxe5 10.Bf4 Rd8 11.Qc1 Bd6 12.Nxd6+ Qxd6 13.Bg2 Qe6 14.O-O a5 15.Qe3 Ng6
16.Qc5 Nxf4 17.gxf4 Nd7 18.Qxa5 O-O 19.Rfd1 Bh3 20.Bxh3 Qxh3 21.Qc7 Qh4 22.Qxb7 Qxf4
23.Qxc6 Ne5 24.Qe4 Qg4+ 25.Qg2 Qf5 26.Rxd8 Rxd8 27.a5 Qc2 28.Qb7 Qg6+ 29.Kh1 h5
30.Qe4 Qf6 31.f3 Nc6 32.a6 Qh6 33.a7 Ra8 34.Ra6 Rxa7 35.Rxa7 Nxa7 36.Qa8+ Kh7
37.Qxa7 Qc1+ 38.Kg2 Qxb2 39.Qc5 g6 40.Qe5  1-0

[Event "Kerteminde"]
[Site "Kerteminde"]
[Date "1991.??.??"]
[Round "1"]
[White "Shirov, Alexei"]
[Black "Hector, Jonny"]
[Result "1-0"]
[WhiteElo "2615"]
[BlackElo "2465"]

1.d4 d5 2.c4 c6 3.Nf3 Nf6 4.Nc3 dxc4 5.a4 Bf5 6.Ne5 e6 7.f3 Bb4 8.e4 Bxe4
9.fxe4 Nxe4 10.Bd2 Qxd4 11.Nxe4 Qxe4+ 12.Qe2 Bxd2+ 13.Kxd2 Qd5+ 14.Kc2 Na6
15.Nxc4 O-O-O 16.Qe5 f6 17.Qe3 Qf5+ 18.Kc3 Nc5 19.Be2 Rd5 20.b4 Ne4+ 21.Kb2 Rhd8
22.Rhd1 Nf2 23.Rxd5 exd5 24.Rf1 dxc4 25.Rxf2 c3+ 26.Kxc3 Qb1 27.Bd3 Qa1+
28.Kb3 a5 29.Rf1 Qd4 30.Bf5+ Kc7 31.Qxd4 Rxd4 32.bxa5 g6 33.Bc2 f5 34.Kc3 Rd5
35.Bb3 Rxa5 36.Re1 Kd7 37.Kb4 b6 38.Bg8 f4 39.Bxh7 Rg5 40.Re2 Rg4 41.Kb3 Kd6
42.Bg8 Rh4 43.h3 f3 44.gxf3 Rxh3 45.Re3 b5 46.axb5 cxb5 47.Be6 Rh1 48.Bg4 Kc5
49.Re5+ Kd4 50.Rxb5 Ke3 51.Kc4 Kf4 52.Kd5 Re1 53.Rb4+ Kg3 54.Re4 Ra1 55.Ke5 Ra6
56.Rd4  1-0

[Event "Kobanya op"]
[Site "Kobanya"]
[Date "1991.??.??"]
[Round "1"]
[White "Yuferov, Sergey  N"]
[Black "Pacl, Vaclav"]
[Result "1-0"]
[WhiteElo "2395"]
[BlackElo "2230"]

1.Nf3 d5 2.d4 c6 3.c4 Nf6 4.Nc3 dxc4 5.a4 Bf5 6.e3 e6 7.Bxc4 Bb4 8.O-O Nbd7
9.Nh4 Bg4 10.Qb3 a5 11.f3 Bh5 12.g3 O-O 13.Na2 Be7 14.Ng2 c5 15.d5 Ne5 16.dxe6 Bxf3
17.exf7+ Kh8 18.Nf4 Ne4 19.Nc3 Qd6 20.Bd5 c4 21.Qb5 Ng5 22.h4 Bxd5 23.Qxd5 Ngxf7
24.Qxb7 Rae8 25.Qd5 Qh6 26.Ne4 Bd8 27.b3 cxb3 28.Rb1 Ng4 29.Rxb3 Re5 30.Qd7 Nf6
31.Nxf6 gxf6 32.Ba3 Qg7 33.Bxf8 Qxg3+ 34.Ng2  1-0

[Event "Kobanya op"]
[Site "Kobanya"]
[Date "1991.??.??"]
[Round "2"]
[White "Kozlov, Vladimir N"]
[Black "Varga, Peter"]
[Result "1-0"]
[WhiteElo "2360"]
[BlackElo "2290"]

1.d4 d5 2.c4 c6 3.Nf3 Nf6 4.Nc3 dxc4 5.a4 Bf5 6.e3 e6 7.Bxc4 Bb4 8.O-O Nbd7
9.Nh4 O-O 10.f3 Bg6 11.e4 e5 12.Nxg6 hxg6 13.Be3 Qb6 14.Ne2 exd4 15.Bxd4 Bc5
16.a5 Qxb2 17.Bxc5 Nxc5 18.Qd6 Qb4 19.Rfc1 Na6 20.Qg3 Qd2 21.Kh1 Nb4 22.Rd1 Qe3
23.Qc7 b5 24.axb6 Qxb6 25.Bxf7+ Kh7 26.Qe7 Nc2 27.e5 Nh5 28.Rac1 Rad8 29.Rd6 Rxd6
30.exd6 Rb8 31.Qe4  1-0